The calculus collection : (رقم التسجيلة. 21693)

تفاصيل مارك
000 -الفاتح
حقل البيانات ثابتة الطول 01647cam a22003857a 4500
001 - رقم الضبط
رقم الضبط 15916587
003 - محدد رقم الضبط
رقم الضبط OSt
005 - وقت وتاريخ اخر تعامل مع التسجيلة
رقم الضبط 20150408114017.0
008 - عناصر البيانات ثابتة الطول - معلومات عامة
حقل البيانات ثابتة الطول 090922s2010 dcua b 001 0 eng d
010 ## - رقم ضبط مكتبة الكونجرس
رقم ضبط مكتبة الكونجرس 2009937591
020 ## - الرقم الدولى المعيارى للكتب
الرقم الدولى المعيارى للكتاب 0883857618
020 ## - الرقم الدولى المعيارى للكتب
الرقم الدولى المعيارى للكتاب 9780883857618
035 ## - رقم ضبط النظام
رقم ضبط النظام (OCoLC)ocn501392914
040 ## - مصدر الفهرسة
وكالة الفهرسة الأصلية COO
وكالة النسخ COO
وكالة التعديل EYE
-- UIU
-- IAD
-- CDX
-- YDXCP
-- OBE
-- DLC
042 ## - رمز التحقق
رمز التحقق lccopycat
050 00 - رقم طلب مكتبة الكونجرس
رقم التصنيف QA303.2
رقم المادة .C345 2010
082 04 - رقم تصنيف ديوى العشرى
رقم التصنيف 515.15
رقم الطبعة 22
245 04 - بيان العنوان
العنوان The calculus collection :
بقية العنوان a resource for AP and beyond /
بيان المسئوليه,etc editors, Caren L. Diefenderfer, Roger B. Nelsen.
260 ## - PUBLICATION, DISTRIBUTION, ETC. (IMPRINT)
مكان الناشر او الموزع Washington, DC :
اسم الناشر او الموزع Mathematical Association of America,
تاريخ النشر أو التوزيع c2010.
300 ## - الوصف المادى
التعداد xx, 507 p. :
تفاصيل ماديه اخرى للوعاء ill. ;
أبعاد الوعاء 26 cm.
490 1# - بيان السلسلة
عنوان السلسلة Classroom resource materials
504 ## - تبصرة ببليوجرافية
تبصرة ببليوجرافية,الخ Includes bibliographical references and index.
520 ## - التبصرة الخاصة بالتعليق أو التلخيص
ملخص,الخ Reader collecting articles from MAA journals between 1977 and 2007, selected for usefulness to high school calculus teachers.
650 #0 - المدخل الاضافى بالموضوع-مصطلح موضوعى
مصطلح موضوعي أو اسم جغرافي كعنصر مدخل Calculus.
650 #0 - المدخل الاضافى بالموضوع-مصطلح موضوعى
مصطلح موضوعي أو اسم جغرافي كعنصر مدخل Calculus
التقسيم الفرعي الشكلي Textbooks.
9 (RLIN) 4532
700 1# - المدخل الاضافى - اسم شخصى
الإسم الشخصى Diefenderfer, Caren L.
9 (RLIN) 14529
700 1# - المدخل الاضافى - اسم شخصى
الإسم الشخصى Nelsen, Roger B.
9 (RLIN) 14530
830 #0 - المدخل الاضافى بالسلسلة -عنوان موحد
عنوان موحد Classroom resource materials (Unnumbered)
9 (RLIN) 14465
856 42 - الوصول و الموقع الالكترونى
مواد محددة Contributor biographical information
معرف المصدر الموحد <a href="http://www.loc.gov/catdir/enhancements/fy1201/2009937591-b.html">http://www.loc.gov/catdir/enhancements/fy1201/2009937591-b.html</a>
856 42 - الوصول و الموقع الالكترونى
مواد محددة Publisher description
معرف المصدر الموحد <a href="http://www.loc.gov/catdir/enhancements/fy1201/2009937591-d.html">http://www.loc.gov/catdir/enhancements/fy1201/2009937591-d.html</a>
856 41 - الوصول و الموقع الالكترونى
مواد محددة Table of contents only
معرف المصدر الموحد <a href="http://www.loc.gov/catdir/enhancements/fy1201/2009937591-t.html">http://www.loc.gov/catdir/enhancements/fy1201/2009937591-t.html</a>
942 ## - عناصر المدخل الإضافي( كوها)
مصدر التصنيف او مخطط الترفيف Dewey Decimal Classification
Koha [default] item type كتاب
المقتنيات
حالة الفقد نموذج السعر الفعال حالة تلف ليس للاعارة رقم الطلب تاريخ الاكتساب الموقع الحالي الباركود الفرع الرئيسي Date last seen نوع المادة فى نظام كوها مصدر التصنيف او خطة الترفيف Total Checkouts Date last checked out
  2013-03-10     515.15 C A C 2012-06-03 مكتبة كلية التربية بالزلفى - طالبات (EZF) 00087253 مكتبة كلية التربية بالزلفى - طالبات (EZF) 2013-03-10 كتاب Dewey Decimal Classification    
  2013-03-10     515.15 C A C 2012-06-03 مكتبة كلية التربية بالزلفى - طالبات (EZF) 00087254 مكتبة كلية التربية بالزلفى - طالبات (EZF) 2015-11-01 كتاب Dewey Decimal Classification 1 2015-10-20
  2013-03-10     515.15 C A C 2012-06-04 مكتبة كلية التمريض - طالبات (CNF) 00088172 مكتبة كلية التمريض - طالبات (CNF) 2013-03-10 كتاب Dewey Decimal Classification    
  2013-03-10     515.15 C A C 2012-06-04 مكتبة كلية التمريض - طالبات (CNF) 00088173 مكتبة كلية التمريض - طالبات (CNF) 2013-03-10 كتاب Dewey Decimal Classification    
  2013-03-10     515.15 C A C 2012-05-20 مكتبة مجمع الطالبات بالمجمعة (EMF) 00086541 مكتبة مجمع الطالبات بالمجمعة (EMF) 2013-03-10 كتاب Dewey Decimal Classification    
  2013-03-10     515.15 C A C 2012-05-20 مكتبة مجمع الطالبات بالمجمعة (EMF) 00086542 مكتبة مجمع الطالبات بالمجمعة (EMF) 2013-03-10 كتاب Dewey Decimal Classification    
  2013-03-10     515.15 C A C 2012-06-01 مكتبة مجمع الكليات بالزلفى - طلاب (SZM) 00087182 مكتبة مجمع الكليات بالزلفى - طلاب (SZM) 2013-03-10 كتاب Dewey Decimal Classification    
  2013-03-10     515.15 C A C 2012-06-01 مكتبة مجمع الكليات بالزلفى - طلاب (SZM) 00087183 مكتبة مجمع الكليات بالزلفى - طلاب (SZM) 2013-03-10 كتاب Dewey Decimal Classification